[Event "Aeroflot Open"]
[Site "Moscow RUS"]
[Date "2002.02.07"]
[Round "5"]
[White "Vokarev,S"]
[Black "Shariyazdanov,A"]
[Result "0-1"]
[WhiteElo "2507"]
[BlackElo "2532"]

1.e4 c5 2.Nf3 Nc6 3.Bb5 e6 4.Bxc6 bxc6 5.d3 Ne7 6.Qe2 f6 7.Nh4 g6 8.f4 Bg7
9.O-O O-O 10.Nf3 Rb8 11.c4 d6 12.Be3 e5 13.fxe5 fxe5 14.Qd2 Bg4 15.Nc3 Bxf3
16.Rxf3 Rxf3 17.gxf3 Kh8 18.Rf1 Ng8 19.Ne2 Nf6 20.b3 Qd7 21.Kg2 Rf8 22.Ng3 h5
23.h3 Kh7 24.Ne2 Ne8 25.Qe1 Nc7 26.Qg3 Ne6 27.f4 exf4 28.Nxf4 Nxf4+ 29.Bxf4 Qf7
30.Qf3 Qe6 31.Qe2 d5 32.Rf3 Re8 33.cxd5 cxd5 34.Bg3 Kg8 35.Qc2 Bd4 36.Rf4 Qd7
37.exd5 Re3 38.Re4 Qxd5 39.Bf4 Re1 40.Qc4 Qxc4 41.bxc4 Rg1+ 42.Kf3 Rf1+ 43.Kg3 Rd1
44.Re6 Rxd3+ 45.Kg2 Kf7 46.Ra6 Rc3 47.h4 Bf6 48.Bg3 Rxc4 49.Kh3 Rc3 50.Kg2 c4
51.Bf2 Rd3 52.Rxa7+ Ke6 53.Rc7 c3 54.Be1 Rd2+ 55.Kf1 Rxa2 56.Rc6+ Kf5 57.Rc5+ Kg4
58.Rc6 c2 59.Bd2 Bxh4  0-1

[Event "Aeroflot Open"]
[Site "Moscow RUS"]
[Date "2002.02.07"]
[Round "5"]
[White "Kim,A"]
[Black "Mikhalevski,V"]
[Result "0-1"]
[WhiteElo "2414"]
[BlackElo "2531"]

1.e4 c5 2.Nf3 Nc6 3.Bb5 e6 4.Bxc6 bxc6 5.b3 f6 6.O-O Ne7 7.Bb2 Ng6 8.e5 Be7
9.exf6 gxf6 10.Nc3 e5 11.d3 d6 12.Nd2 f5 13.Qh5 O-O 14.Ne2 f4 15.Nc3 f3 16.Nce4 Rf5
17.Qg4 Rf7 18.Qh5 fxg2 19.Rfe1 Nf4 20.Qd1 Rg7  0-1

[Event "Aeroflot Open"]
[Site "Moscow RUS"]
[Date "2002.02.07"]
[Round "5"]
[White "Zulfugarli,M"]
[Black "Guseinov,K"]
[Result "1/2-1/2"]
[WhiteElo "2430"]
[BlackElo "2527"]

1.e4 c5 2.Nf3 Nc6 3.Bb5 g6 4.Bxc6 dxc6 5.d3 Bg7 6.h3 Nf6 7.O-O O-O 8.Nc3 Ne8
9.Be3 b6 10.Qd2 e5 11.Bh6 Qd6 12.Nh2 Nc7 13.Ne2 Qf6 14.Bxg7 Qxg7 15.c3 Ba6
16.Rad1 Rad8 17.Qe3 f5 18.f4 exf4 19.Nxf4 Rfe8 20.Qg3 fxe4 21.Ng4 Rf8 22.Rfe1 exd3
23.Nxd3  1/2-1/2

[Event "Aeroflot Open"]
[Site "Moscow RUS"]
[Date "2002.02.07"]
[Round "5"]
[White "Zavgorodniy,S"]
[Black "Galliamova,A"]
[Result "1/2-1/2"]
[WhiteElo "2407"]
[BlackElo "2514"]

1.e4 c5 2.Nf3 Nc6 3.Bb5 d6 4.O-O Bd7 5.Re1 Nf6 6.c3 a6 7.Bf1 Bg4 8.d3 e6
9.Nbd2 Be7 10.h3 Bh5 11.g4 Bg6 12.Nh4 Nd7 13.Ng2 e5 14.Nf3 Rc8 15.a3 Nf8
16.d4 cxd4 17.cxd4 h5 18.d5 hxg4 19.hxg4 Nb8 20.Bd3 Nh7 21.Bd2 Nd7 22.b4 Nhf6
23.Nh2 Nxd5 24.Qe2 N5f6 25.Nf1 Nf8 26.Ng3 Ne6 27.Be3 Nh7 28.f4 exf4 29.Nxf4 Nxf4
30.Bxf4 Bg5 31.Bxg5 Nxg5 32.Nf5 Ne6 33.Qf3 Kf8 34.Rac1 Rb8 35.Qg3 Kg8 36.Qxd6 Qxd6
37.Nxd6 Rh3 38.Bc4 Rxa3 39.Bxe6 fxe6 40.Rf1 Rg3+ 41.Kh2 Rxg4 42.Rc7 Bxe4
43.Kh3 Bg2+ 44.Kxg4 Bxf1 45.Kf4 b6 46.Ke5 Bh3 47.Rc3 Bf5 48.Ra3 Ra8 49.Nc4 b5
50.Nd6 Bg4 51.Rg3 Bd1 52.Kxe6 a5 53.Nf5 Ra6+ 54.Kd5 Ra7 55.bxa5 b4 56.Kc4 b3
57.Kc3 Rc7+ 58.Kb2 Rc2+ 59.Kb1 Rc5 60.Nxg7 Kf7 61.a6 Ra5 62.Rg1 Be2 63.Kb2 Bxa6  1/2-1/2

[Event "13th Asian Cities"]
[Site "Aden YEM"]
[Date "2002.02.08"]
[Round "2"]
[White "Antonio,R"]
[Black "Vladimirov,E"]
[Result "0-1"]
[WhiteElo "2519"]
[BlackElo "2592"]

1.e4 c5 2.Nf3 Nc6 3.Bb5 g6 4.Bxc6 dxc6 5.O-O Bg7 6.d3 Nf6 7.h3 O-O 8.Re1 Ne8
9.e5 Nc7 10.Be3 b6 11.Qc1 f5 12.exf6 exf6 13.Bh6 Be6 14.Bxg7 Kxg7 15.Nc3 Qd7
16.a3 Rae8 17.b4 Nd5 18.Qb2 Bxh3 19.gxh3 Nf4 20.Qc1 Rxe1+ 21.Nxe1 Qd4 22.Rb1 g5
23.Rb3 Re8 24.Qd2 c4 25.Rb1 Qxc3 26.Qxc3 Ne2+ 27.Kf1 Nxc3 28.Ra1 cxd3 29.cxd3 Re6
30.Rc1 Ne2 31.Rc4 b5 32.Rg4 h5 33.Rg2 h4 34.Nf3 Nf4 35.Rg4 Rd6 36.d4 Kf7
37.Rxf4 gxf4 38.Ke2 Rd8  0-1

[Event "13th Asian Cities"]
[Site "Aden YEM"]
[Date "2002.02.08"]
[Round "2"]
[White "Iuldachev,S"]
[Black "Sareen,V"]
[Result "1/2-1/2"]
[WhiteElo "2525"]
[BlackElo "2346"]

1.e4 c5 2.Nf3 Nc6 3.Bb5 g6 4.O-O Bg7 5.Re1 Nf6 6.Bxc6 dxc6 7.d3 O-O 8.h3 Ne8
9.Nbd2 e5 10.a3 Nc7 11.b4 cxb4 12.axb4 Qe7 13.Nc4 f6 14.Bd2 Be6 15.Ne3 Rfd8
16.Ng4 Nb5 17.Qe2 Qd7 18.Ne3 Qe7 19.g4 Qf8 20.Nf1 Bh6 21.Ng3 Bxd2 22.Qxd2 Nd4
23.Nxd4 Rxd4 24.Rab1 a6 25.Kg2 Rad8 26.f3 R4d7 27.f4 exf4 28.Qxf4 Rf7 29.Qe3 Qd6
30.Rf1 Kg7 31.Rf2 Qd4 32.Qf4 Qe5 33.Qf3  1/2-1/2

[Event "Mimoza Open"]
[Site "Herceg Novi YUG"]
[Date "2002.02.08"]
[Round "7"]
[White "Damljanovic,B"]
[Black "Nikac,P"]
[Result "1/2-1/2"]
[WhiteElo "2545"]
[BlackElo "2346"]

1.e4 c5 2.Nf3 Nc6 3.Bb5 g6 4.O-O Bg7 5.Re1 Nf6 6.c3 O-O 7.h3 d6 8.d4 Qb6
9.Ba4 cxd4 10.cxd4 Nd7 11.Bxc6 bxc6 12.Nc3 e5 13.Na4 Qa6 14.Be3 Nb6 15.Nxb6 axb6
16.dxe5 dxe5 17.Qd6 c5 18.b4 cxb4 19.Qxb4 b5 20.Reb1 Bd7 21.Ne1 Qa4 22.Nd3 Bc6
23.f3 Rfd8 24.Qxa4 Rxa4 25.Nb4 Bb7 26.Rd1 Re8 27.Rab1 f5 28.Rd7 Ba8 29.exf5 gxf5
30.Nd5 Bxd5 31.Rxd5 Rxa2 32.Rdxb5 Re7  1/2-1/2

[Event "Aeroflot Open"]
[Site "Moscow RUS"]
[Date "2002.02.08"]
[Round "6"]
[White "Kogan,A"]
[Black "Ulko,J"]
[Result "1-0"]
[WhiteElo "2568"]
[BlackElo "2484"]

1.e4 c5 2.Nf3 Nc6 3.Bb5 e6 4.O-O Nge7 5.Nc3 Qc7 6.Re1 Ng6 7.a3 Be7 8.b4 cxb4
9.axb4 Nxb4 10.Ba3 a6 11.Bf1 O-O 12.h4 f6 13.h5 Ne5 14.Nh4 f5 15.Qb1 a5 16.Nb5 Qb6
17.Bb2 Nbc6 18.Nxf5 exf5 19.d4 fxe4 20.Qa2+ Kh8 21.h6 Nb4 22.hxg7+ Kxg7 23.Qb3 Ng6
24.d5+ Bf6 25.Rxe4 d6 26.Rxb4 Bd7 27.Re4 Bxb5 28.Qxb5 Qxb5 29.Bxf6+ Rxf6
30.Bxb5 Rf4 31.Re6 Rf6 32.Re3 Rf5 33.Rb3 Rxd5 34.Bc4 Rc5 35.Rxb7+ Kh6 36.Bb3 Ne5
37.Ra4 Kg6 38.Rd4 Ra6  1-0

[Event "Aeroflot Open"]
[Site "Moscow RUS"]
[Date "2002.02.08"]
[Round "6"]
[White "Rublevsky,S"]
[Black "Moiseenko,A"]
[Result "1/2-1/2"]
[WhiteElo "2655"]
[BlackElo "2559"]

1.e4 c5 2.Nf3 Nc6 3.Bb5 d6 4.Bxc6+ bxc6 5.O-O Bg4 6.c3 Nf6 7.d3 e5 8.h3 Bh5
9.Bg5 Be7 10.Nbd2 h6 11.Bh4 O-O 12.Qa4 Qc7 13.d4 exd4 14.cxd4 Bxf3 15.Nxf3 Nxe4
16.Bxe7 Qxe7 17.dxc5 Nxc5 18.Qxc6 Rac8 19.Qd5 Ne6 20.Qe4 Qf6 21.b3 Nf4 22.Kh2 Rfe8
23.Qd4 Qf5 24.Nh4 Qg5 25.g3 Ne2 26.Qg4 Qf6 27.Rad1 Rc2 28.Qf5 Qxf5 29.Nxf5 Nc3
30.Rc1 Ree2 31.Rxc2 Rxc2 32.Nxd6 Nxa2 33.Kg1 a5 34.Nb7 Rb2 35.Nxa5 Nc3 36.Re1 f5
37.Nc6 Ne4 38.Rf1 Kf7 39.Nd4 Kf6 40.Kg2 Ke5 41.Nf3+ Kf6 42.Nd4 Ke5 43.Nf3+ Kf6
44.Nd4  1/2-1/2

[Event "13th Asian Cities"]
[Site "Aden YEM"]
[Date "2002.02.09"]
[Round "4"]
[White "Juswanto,D"]
[Black "Kotsur,P"]
[Result "1/2-1/2"]
[WhiteElo "2516"]
[BlackElo "2578"]

1.e4 c5 2.Nf3 Nc6 3.Bb5 g6 4.O-O Bg7 5.Bxc6 dxc6 6.h3 Nf6 7.Re1 O-O 8.d3 Ne8
9.e5 Nc7 10.Nbd2 b6 11.a4 a5 12.Nc4 Nd5 13.Bd2 Ra7 14.Qc1 f5 15.Bh6 Be6 16.Bxg7 Kxg7
17.Ng5 Qd7 18.f4 h6  1/2-1/2

[Event "Aeroflot Open"]
[Site "Moscow RUS"]
[Date "2002.02.09"]
[Round "7"]
[White "Sandipan,C"]
[Black "Guseinov,K"]
[Result "1-0"]
[WhiteElo "2452"]
[BlackElo "2527"]

1.e4 c5 2.Nf3 Nc6 3.Bb5 g6 4.Bxc6 dxc6 5.d3 Bg7 6.h3 b6 7.O-O e5 8.a3 a5
9.Be3 Ne7 10.Nbd2 f5 11.exf5 Nxf5 12.Bg5 Qc7 13.Re1 O-O 14.Nc4 Be6 15.Ncxe5 Bd5
16.c3 Rae8 17.Ng4 h6 18.Rxe8 Rxe8 19.Bd2 Rd8 20.Qe2 Qd6 21.Ne1 b5 22.Ne3 Be6
23.Nxf5 Bxf5 24.Be3 Bxd3 25.Nxd3 Qxd3 26.Qxd3 Rxd3 27.Bxc5 Rd2 28.Rb1 Rc2
29.Kf1 Bf6 30.Ke1 Bg5 31.h4 Rc1+ 32.Rxc1 Bxc1 33.Kd1 Bxb2 34.Kc2 Ba1 35.Be3 b4
36.cxb4 axb4 37.a4 Be5 38.a5 Bb8  1-0

[Event "Aeroflot Open"]
[Site "Moscow RUS"]
[Date "2002.02.09"]
[Round "8"]
[White "Kim,A"]
[Black "Ulko,J"]
[Result "0-1"]
[WhiteElo "2414"]
[BlackElo "2484"]

1.e4 c5 2.Nf3 Nc6 3.Bb5 e6 4.Bxc6 bxc6 5.b3 Ne7 6.h4 h5 7.e5 Ng6 8.Qe2 f6
9.Bb2 Be7 10.Nc3 Qc7 11.Na4 Rh6 12.O-O-O Nf4 13.Qe4 Nd5 14.g4 hxg4 15.Qxg4 Bf8
16.Rhe1 f5 17.Qg5 Nb6 18.Nxc5 Bxc5 19.Qxg7 Bf8 20.Qg8 Ba6 21.Ba3 c5 22.Ng5 O-O-O
23.Nf7 Rxh4 24.Nxd8 Qxd8 25.Rg1 Be2 26.Rde1 Bf3 27.Re3 Bc6 28.Qf7 Qe7 29.Qxe7 Bxe7
30.Reg3 Rh2 31.Rg7 Nd5 32.Kb2 Bh4 33.Rh7 Bg3 34.Rxh2 Bxe5+ 35.Kc1 Bxh2 36.Rg8+ Kb7
37.Bxc5 Bc7 38.Rg7 Nf6 39.Rf7 Ne4 40.Be3 Bb6 41.Bxb6 axb6 42.f4 Ng3 43.c4 Ne2+
44.Kb2 Nxf4 45.d4 Be4 46.Rxd7+ Kc6 47.Rf7 Ne2 48.d5+ exd5 49.Rf6+ Kc5 50.cxd5 Kxd5
51.Rxb6 f4 52.Rf6 f3 53.a4 Ke5 54.Rxf3 Bxf3 55.b4 Kd4 56.b5 Kc5 57.a5 Kxb5
58.a6 Kxa6 59.Ka3 Kb5 60.Kb3 Bd5+ 61.Ka3 Kc4 62.Kb2 Kd3 63.Kb1 Kc3 64.Ka1 Nd4
65.Kb1 Nc2 66.Kc1 Ba2 67.Kd1 Nd4 68.Ke1 Kd3 69.Kf2 Ne2 70.Kg2 Be6 71.Kf3 Bd7
72.Kf2 Bc6 73.Ke1 Ke3 74.Kd1 Ba4+ 75.Ke1 Nc3 76.Kf1 Kf3 77.Ke1 Ne4 78.Kf1 Nf2
79.Ke1 Ke3 80.Kf1 Bc6 81.Ke1 Nd3+ 82.Kf1 Kf3 83.Kg1 Bd7 84.Kf1 Bh3+  0-1

[Event "XVIII Open"]
[Site "Cappelle la Grande FRA"]
[Date "2002.02.10"]
[Round "2"]
[White "Kveinys,A"]
[Black "Raetsky,A"]
[Result "1-0"]
[WhiteElo "2555"]
[BlackElo "2426"]

1.e4 c5 2.Nf3 Nc6 3.Bb5 e6 4.O-O Nge7 5.Re1 a6 6.Bxc6 Nxc6 7.d4 cxd4 8.Nxd4 Qc7
9.Nxc6 bxc6 10.e5 d5 11.Nd2 Rb8 12.Qg4 h5 13.Qe2 Be7 14.Nf3 Rb4 15.Qd3 c5
16.b3 Bb7 17.Bg5 Bxg5 18.Nxg5 Rg4 19.Nf3 h4 20.h3 Rf4 21.Nh2 Rh5 22.Ng4 Rhf5
23.c3 Qc6 24.f3 c4 25.Qd2 d4 26.Rf1 Rxf3 27.gxf3 Rxf3 28.Rxf3 Qxf3 29.Qh2 dxc3
30.Rf1 c2 31.Rxf3 c1=Q+ 32.Rf1 Qc3 33.Qf2 f5 34.exf6 Qxh3 35.f7+  1-0

[Event "XVIII Open"]
[Site "Cappelle la Grande FRA"]
[Date "2002.02.10"]
[Round "2"]
[White "Totsky,L"]
[Black "Abergel,T"]
[Result "1-0"]
[WhiteElo "2490"]
[BlackElo "2307"]

1.e4 c5 2.Nf3 Nc6 3.Bb5 g6 4.O-O Bg7 5.c3 Qb6 6.Na3 a6 7.Be2 d6 8.Nc4 Qc7
9.Ne3 Nf6 10.d4 O-O 11.d5 Nb8 12.Qc2 Bg4 13.Nxg4 Nxg4 14.Nd2 Nf6 15.a4 Kh8
16.Nc4 Nbd7 17.a5 Rad8 18.Rd1 Ne8 19.Bg5 Bf6 20.Be3 Ne5 21.Nb6 Bg7 22.Ra4 Nd7
23.Nxd7 Rxd7 24.Rc4 Qxa5 25.b4 Qd8 26.bxc5 dxc5 27.Rxc5 Rc7 28.Rxc7 Qxc7
29.c4 Nd6 30.Bd3 Rc8 31.c5 Qa5 32.Rc1 Nb5 33.Qb3 b6 34.c6 Nd4 35.Bxd4 Bxd4
36.Qc4 Bb2 37.Qxa6 Qxa6 38.Bxa6 Ra8 39.Bb7 Bxc1 40.Bxa8 Bf4 41.g3 Bc7 42.Bb7 Kg7
43.Kg2 e6 44.dxe6 fxe6 45.f4 e5 46.f5 g5 47.Kf3 h5 48.Ke3 Kf6 49.Kd3 Ke7
50.Kc4 Kd6 51.Kb5 Bd8 52.Bc8 Kc7 53.Bd7 Kd6 54.Kc4 Be7 55.Be8 Bd8 56.Kb5 h4
57.gxh4 gxh4 58.h3 Kc7 59.Bh5 Kd6 60.Bd1 Bc7 61.f6 Ke6 62.Ka6 Kxf6 63.Kb7 Bd6
64.c7 Bxc7 65.Kxc7 Kg5 66.Kxb6 Kf4 67.Bc2 Kg3 68.Ba4  1-0

[Event "Aeroflot Open"]
[Site "Moscow RUS"]
[Date "2002.02.10"]
[Round "9"]
[White "Rublevsky,S"]
[Black "Mikhalevski,V"]
[Result "1-0"]
[WhiteElo "2655"]
[BlackElo "2531"]

1.e4 c5 2.Nf3 Nc6 3.Bb5 e6 4.O-O Nge7 5.c3 a6 6.Ba4 b5 7.Bc2 Bb7 8.Qe2 Ng6
9.d4 cxd4 10.cxd4 Nh4 11.Rd1 Rc8 12.Nc3 Be7 13.Nxh4 Bxh4 14.e5 O-O 15.Qh5 g6
16.Qh6 d5 17.Rd3 f5 18.Rh3 g5 19.Be3 b4 20.Ne2 Rf7 21.f4 Nxe5 22.dxe5 d4
23.Nxd4 Rxc2 24.Nxc2 Qd3 25.Kh1 Qxc2 26.Rg1 Bd5 27.fxg5 f4 28.g6 Qxg6 29.Qxh4 fxe3
30.Rg3  1-0

[Event "Aeroflot Open"]
[Site "Moscow RUS"]
[Date "2002.02.10"]
[Round "9"]
[White "Minasian,Art"]
[Black "Kovalevskaya,E"]
[Result "1/2-1/2"]
[WhiteElo "2576"]
[BlackElo "2462"]

1.e4 c5 2.Nf3 Nc6 3.Bb5 g6 4.Bxc6 bxc6 5.O-O Bg7 6.c3 Nf6 7.e5 Nd5 8.d4 cxd4
9.Qxd4 d6 10.Qa4 Bb7 11.exd6 Qxd6 12.Na3 O-O 13.Qh4 Rfe8 14.Nc4 Qc7 15.Re1 e5
16.Bh6 f6 17.Bxg7 Kxg7 18.Ncd2 Rad8 19.Ne4 Qe7 20.b4 Bc8 21.h3 Nf4 22.Nc5  1/2-1/2

[Event "Aeroflot Open"]
[Site "Moscow RUS"]
[Date "2002.02.10"]
[Round "9"]
[White "Sandipan,C"]
[Black "Shariyazdanov,A"]
[Result "0-1"]
[WhiteElo "2452"]
[BlackElo "2532"]

1.e4 c5 2.Nf3 Nc6 3.Bb5 e6 4.O-O Nge7 5.Re1 a6 6.Bxc6 Nxc6 7.d4 cxd4 8.Nxd4 d6
9.Nc3 Be7 10.Nxc6 bxc6 11.Qg4 Kf8 12.e5 d5 13.Be3 h5 14.Qg3 c5 15.Rad1 h4
16.Qg4 Rb8 17.b3 Qc7 18.Bg5 Bb7 19.Rd3 Bxg5 20.Qxg5 Qe7 21.Qd2 Rh5 22.f4 Bc6
23.Nd1 h3 24.Ree3 hxg2 25.Rh3 Rxh3 26.Rxh3 Kg8 27.Qe2 g6 28.Ne3 c4 29.Ng4 Qa7+
30.Kxg2 d4+ 31.Kg3 d3 32.Qe1 Kg7 33.Nf6 Rh8 34.Rxh8 Kxh8 35.cxd3 c3 36.Ng4 Qd4
37.Qe3 Qxe3+ 38.Nxe3 Bb5 39.Kf2 Bxd3 40.Ke1 Kg7 41.Ng4 g5 42.fxg5 Kg6 43.Nh6 Kxg5
44.Nxf7+ Kf4 45.h4 Bg6 46.Nd8 Bh5 47.Nxe6+ Ke3  0-1

[Event "Aeroflot Open"]
[Site "Moscow RUS"]
[Date "2002.02.10"]
[Round "9"]
[White "Zavgorodniy,S"]
[Black "Guseinov,K"]
[Result "0-1"]
[WhiteElo "2407"]
[BlackElo "2527"]

1.e4 c5 2.Nf3 Nc6 3.Bb5 g6 4.O-O Bg7 5.Re1 Nf6 6.c3 O-O 7.d4 d5 8.e5 Ne4
9.Ng5 Bf5 10.Nxe4 dxe4 11.Be3 Qb6 12.Qa4 Rfd8 13.Bxc6 bxc6 14.Nd2 Qxb2 15.Rab1 Qxc3
16.Rec1 Qd3 17.Rxc5 Rab8 18.Rbc1 Rb2 19.Qa5 Rxd4 20.R5c3 Qe2 21.Nf1 Rd1 22.Rxd1 Qxd1
23.Rc1 Qd7 24.Bxa7 Rb5 25.Qa4 Bxe5 26.Be3 h5 27.Ng3 Rd5 28.Nxf5 gxf5 29.g3 Bd4
30.Bxd4 Rxd4 31.Qa8+ Kg7 32.Qxc6 Qxc6 33.Rxc6 Rd1+ 34.Kg2 Rd2 35.a4 e3 36.Rc3 Rxf2+
37.Kg1 Ra2 38.Rxe3 Kf6 39.Rb3 Rxa4 40.Rb5 h4 41.Kg2 Ra2+ 42.Kh3 hxg3 43.hxg3 Re2
44.Rb7 Rf2 45.Rb4 e5 46.Rb6+ Kg5 47.Rb7 f4 48.Rxf7 Rf3 49.Rg7+ Kf5  0-1

[Event "13th Asian Cities"]
[Site "Aden YEM"]
[Date "2002.02.11"]
[Round "7"]
[White "Abdul Ghani,H"]
[Black "Bajpai,D"]
[Result "1/2-1/2"]
[WhiteElo "2300"]
[BlackElo "2125"]

1.e4 c5 2.Nf3 Nc6 3.Bb5 Qb6 4.Nc3 e6 5.O-O d6 6.Bxc6+ bxc6 7.d4 cxd4 8.Nxd4 Nf6
9.e5 dxe5 10.Nb3 Nd5 11.Ne4 Ba6 12.Re1 Rd8 13.Qh5 Nf6 14.Qxe5 Nxe4 15.Qxe4 Bb7
16.Be3 c5 17.Qa4+ Bc6 18.Qg4 h5 19.Qg5 Rd5 20.Qg3 h4 21.Qh3 g5 22.Rad1 Qb4
23.c3 g4 24.cxb4 gxh3 25.g3 hxg3 26.fxg3 Bd6 27.b5 Rxd1 28.Rxd1 Bd5 29.Bf2 Rh5
30.Nd2 Re5 31.a4 Bc7 32.Re1 Rxe1+ 33.Bxe1 Ba5 34.Kf2 Kd7 35.Nb1 Bc7 36.Nc3 Bb3
37.Bd2  1/2-1/2

[Event "XVIII Open"]
[Site "Cappelle la Grande FRA"]
[Date "2002.02.12"]
[Round "4"]
[White "Belikov,V"]
[Black "Halkias,S"]
[Result "1/2-1/2"]
[WhiteElo "2483"]
[BlackElo "2546"]

1.e4 c5 2.Nf3 Nc6 3.Bb5 d6 4.Bxc6+ bxc6 5.O-O e5 6.c3 f5 7.exf5 Bxf5 8.Re1 Be7
9.d4 cxd4 10.cxd4 e4 11.Ng5 d5 12.f3 Bg6 13.fxe4 Bxg5 14.Bxg5 Qxg5 15.exd5+  1/2-1/2

[Event "XVIII Open"]
[Site "Cappelle la Grande FRA"]
[Date "2002.02.12"]
[Round "4"]
[White "Cieza,A"]
[Black "Marcelin,C"]
[Result "1/2-1/2"]
[WhiteElo "2308"]
[BlackElo "2455"]

1.e4 c5 2.Nf3 Nc6 3.Bb5 e6 4.O-O Nge7 5.d4 cxd4 6.Nxd4 Qb6 7.Nxc6 dxc6 8.Bd3 Ng6
9.Nd2 Qc7 10.a4 Bc5 11.Nb3 Bd6 12.g3 e5 13.Be3 Bh3 14.Re1 Qe7 15.Qh5 Be6
16.c4 O-O 17.Qe2 Rfd8 18.a5 f6 19.Qc2 Kh8 20.Rec1 Qf7 21.Be2 Nf8 22.Nc5 Bh3
23.Nd3 Ne6 24.f3 Nd4 25.Bxd4 exd4 26.c5 Bb8 27.a6 bxa6 28.Rxa6 Bc8 29.Ra3 Qg6
30.Bf1 h5 31.Qg2 a5 32.b4 Bc7 33.Rca1 h4 34.g4 Qg5 35.Nf2 Qd2 36.bxa5 Rxa5
37.R1a2 Qxa2 38.Rxa2 Rxa2 39.Qh3 g5 40.f4 Bxf4 41.Qb3 Bxh2+ 42.Kg2 Rxf2+
43.Kxf2 Bxg4 44.Qf7 Bg3+ 45.Kg1 Be5 46.Qg6 Be6 47.Qh6+ Kg8 48.Qg6+ Kh8 49.Qh6+ Kg8
50.Qg6+ Kf8 51.Qh6+  1/2-1/2

[Event "XVIII Open"]
[Site "Cappelle la Grande FRA"]
[Date "2002.02.13"]
[Round "5"]
[White "Galdunts,S"]
[Black "Te Llalemand,R"]
[Result "1-0"]
[WhiteElo "2510"]
[BlackElo "2291"]

1.e4 c5 2.Nf3 Nc6 3.Bb5 d6 4.O-O Nf6 5.Re1 e5 6.c3 Bd7 7.d4 exd4 8.cxd4 cxd4
9.Nxd4 Be7 10.Nc3 Nxd4 11.Qxd4 Bxb5 12.Nxb5 Qa5 13.Nc3 O-O 14.Bf4 Rfd8 15.Rad1 Rac8
16.h3 Qc5 17.Qa4 a6 18.Rd3 Qc6 19.Qd1 h6 20.Rg3 Kh8 21.Rd3 b5 22.Qd2 Kh7
23.Rd4 Qc5 24.Rd1 b4 25.Na4 Qc6 26.Qxb4 a5 27.Qxa5 Ra8 28.Qc3 Qb7 29.Qd3 Kh8
30.b3 Nh5 31.Bxd6 Bxd6 32.Rxd6 Rxd6 33.Qxd6 Qxe4 34.Qd5 Qxd5 35.Rxd5 Nf6
36.Rd4 Rc8 37.Nb6 Rc1+ 38.Kh2 Rc2 39.a4 Rxf2 40.a5  1-0

[Event "XVIII Open"]
[Site "Cappelle la Grande FRA"]
[Date "2002.02.13"]
[Round "5"]
[White "Totsky,L"]
[Black "Ferro,M"]
[Result "1-0"]
[WhiteElo "2490"]
[BlackElo "2183"]

1.e4 c5 2.Nf3 Nc6 3.Bb5 g6 4.O-O Bg7 5.c3 Nh6 6.d4 cxd4 7.cxd4 O-O 8.d5 Nb8
9.d6 e6 10.Nc3 f6 11.Re1 Nf7 12.Be3 a6 13.Bf1 b5 14.Bc5 Nc6 15.Nd4 Nfe5 16.f4 Nxd4
17.Qxd4 Nc6 18.Qf2 Rb8 19.b4 f5 20.e5 g5 21.g3 gxf4 22.gxf4 Kh8 23.Re3 Rg8
24.Bg2 Bb7 25.Rg3 Qf8 26.Kh1 Nxe5 27.Bxb7 Rxb7 28.fxe5 Bxe5  1-0

[Event "Petrov Mem Open"]
[Site "St Petersburg RUS"]
[Date "2002.02.13"]
[Round "2"]
[White "Shaposhnikov,E"]
[Black "Mukhin,G"]
[Result "1-0"]
[WhiteElo "2523"]
[BlackElo "2373"]

1.e4 c5 2.Nf3 Nc6 3.Bb5 e6 4.Bxc6 bxc6 5.b3 Ne7 6.Ba3 Ng6 7.d4 Qa5+ 8.Qd2 Qxd2+
9.Nbxd2 cxd4 10.Bxf8 Rxf8 11.Nxd4 Ba6 12.c4 Rb8 13.O-O c5 14.Ne2 Bb7 15.Nc3 Ke7
16.f4 d6 17.g3 Rfd8 18.Nf3 h6 19.Rad1 Bc6 20.h4 Nf8 21.Rd3 Nd7 22.Rfd1 Nf6
23.e5 Ne8 24.Kf2 f6 25.Ke3 a6 26.g4 dxe5 27.fxe5 Rxd3+ 28.Rxd3 Bxf3 29.Kxf3 fxe5
30.Re3 Nf6 31.Rxe5 Rf8 32.Kg3 Nd7 33.Re1 h5 34.Nd5+ Kd6 35.Nf4 e5 36.Rd1+ Kc6
37.Nxh5 g6 38.Ng7 e4 39.h5 Rf3+ 40.Kg2 gxh5 41.gxh5 Nf6 42.Rf1 Rxf1 43.Kxf1 Kd6
44.Ke2 Ke5 45.h6 a5 46.Kd2 Nh7 47.Nh5 Kd4 48.Nf4 Ke5 49.Ke3 Kf5 50.Ne2 Nf6
51.h7 Nxh7 52.Ng3+ Ke5 53.Nxe4 Nf8 54.Nxc5 Ng6 55.Nb7 a4 56.Nc5 axb3 57.axb3 Ne7
58.Nd3+ Kd6 59.Kd4  1-0

[Event "XVIII Open"]
[Site "Cappelle la Grande FRA"]
[Date "2002.02.15"]
[Round "7"]
[White "Brochet,P"]
[Black "Shaw,J"]
[Result "1/2-1/2"]
[WhiteElo "2381"]
[BlackElo "2506"]

1.e4 c5 2.Nf3 Nc6 3.Bb5 g6 4.Bxc6 dxc6 5.Nc3 Bg7 6.d3 e5 7.Be3 b6 8.Qd2 h6
9.O-O-O Ne7 10.Ng1 Nd5 11.exd5 cxd5 12.f4 d4 13.fxe5 dxc3 14.Qxc3 Qd5 15.Nf3 Qxa2
16.d4 Bb7 17.dxc5 Rc8 18.b3 O-O 19.Qb2 Qa6 20.Bd4 bxc5 21.Bc3 Qe6 22.Rd2 Rcd8
23.Rhd1 Rxd2 24.Rxd2 Re8 25.Kb1 Bxf3 26.gxf3 Qh3 27.Rf2 Qh4 28.Re2 Qf4 29.e6 Bxc3
30.Qxc3 Rxe6 31.Rxe6 fxe6 32.Qxc5 Qxh2 33.Qxa7 h5 34.b4 h4 35.Qe7 h3  1/2-1/2

[Event "XVIII Open"]
[Site "Cappelle la Grande FRA"]
[Date "2002.02.15"]
[Round "7"]
[White "Totsky,L"]
[Black "Lagowski,P"]
[Result "1-0"]
[WhiteElo "2490"]
[BlackElo "2320"]

1.e4 c5 2.Nf3 Nc6 3.Bb5 g6 4.O-O Bg7 5.c3 Nf6 6.Qa4 Qc7 7.Re1 Ng4 8.Bxc6 Qxc6
9.Qxc6 bxc6 10.d4 cxd4 11.cxd4 O-O 12.h3 Nf6 13.Nc3 Ba6 14.b3 d6 15.Ba3 Rfe8
16.Rad1 Nh5 17.e5 dxe5 18.dxe5 Nf4 19.Rd7 e6 20.Ne4 Nd3 21.Rd1 Nxe5 22.Nxe5 Bxe5
23.Ng5 Bc8 24.Rd8 Ba6 25.Rxe8+ Rxe8 26.Rd7 Bb8 27.Nxf7 Bc8 28.Nh6+ Kh8 29.Be7 Kg7
30.Bf8+ Kf6 31.Ng4+  1-0

[Event "XVIII Open"]
[Site "Cappelle la Grande FRA"]
[Date "2002.02.16"]
[Round "8"]
[White "Szieberth,A"]
[Black "Zhang Pengxiang"]
[Result "0-1"]
[WhiteElo "2345"]
[BlackElo "2522"]

1.e4 c5 2.Nf3 Nc6 3.Bb5 e6 4.Bxc6 bxc6 5.d3 Ne7 6.O-O Ng6 7.c4 e5 8.Nc3 d6
9.h3 Be7 10.Be3 Nf8 11.Qd2 Ne6 12.Ne2 O-O 13.Nh2 d5 14.cxd5 cxd5 15.exd5 Qxd5
16.Nc3 Qd7 17.Ng4 Bd6 18.f3 f5 19.Nh2 Ba6 20.Rfd1 Rad8 21.b3 Bc7 22.Na4 e4
23.fxe4 fxe4 24.Nf1 Qd6 25.Qc3 Bxd3 26.Bf2 Rxf2 27.Kxf2 Rf8+ 28.Kg1 Rxf1+
29.Rxf1 Qh2+ 30.Kf2 Bg3+ 31.Ke3 Bf4+ 32.Kf2 e3+  0-1

[Event "Petrov Mem Open"]
[Site "St Petersburg RUS"]
[Date "2002.02.16"]
[Round "5"]
[White "Goloshchapov,A"]
[Black "Bocharov,D"]
[Result "1-0"]
[WhiteElo "2545"]
[BlackElo "2452"]

1.e4 c5 2.Nf3 Nc6 3.Bb5 g6 4.Bxc6 dxc6 5.h3 Bg7 6.d3 Nf6 7.Nc3 Nd7 8.Be3 e5
9.Qd2 Qe7 10.Bh6 Bxh6 11.Qxh6 f6 12.Nh2 Nf8 13.f4 exf4 14.Qxf4 Ne6 15.Qd2 Nd4
16.O-O Be6 17.Nd1 O-O 18.Ne3 Rad8 19.Rac1 Qd6 20.Nhg4 Bxg4 21.Nxg4 h5 22.Qh6 hxg4
23.Qxg6+ Kh8 24.Qh6+ Kg8 25.Qg6+ Kh8 26.Qh5+ Kg7 27.Qxg4+ Kh8 28.Qh5+ Kg7
29.Qg4+ Kh8 30.c3 Ne6 31.Rxf6 Rxf6 32.e5 Rf1+ 33.Rxf1 Qxe5 34.Qh4+ Kg8 35.Re1 Qf4
36.Qe7 Qf7 37.Rxe6  1-0

[Event "XVIII Open"]
[Site "Cappelle la Grande FRA"]
[Date "2002.02.17"]
[Round "9"]
[White "Belkhodja,S"]
[Black "Movsesian,S"]
[Result "1/2-1/2"]
[WhiteElo "2506"]
[BlackElo "2624"]

1.e4 c5 2.Nf3 Nc6 3.Bb5 d6 4.d4 cxd4 5.Qxd4 Bd7 6.Bxc6 Bxc6 7.Nc3 Nf6 8.Bg5 e6
9.O-O-O Be7 10.Qd3 Qa5 11.h4 h6 12.Bxf6 Bxf6 13.Nd4 O-O-O 14.f4 Qc5 15.Nxc6 Qxc6
16.Rh3 a6 17.g4 g5 18.fxg5 hxg5 19.Qf1 Be5 20.h5 Rd7 21.Kb1 Kb8 22.Qe2 Rc8
23.a3 Rdc7 24.Rhd3 Qb6 25.Qe3 Qc6 26.Qe2 Qb6 27.Nb5  1/2-1/2

[Event "XVIII Open"]
[Site "Cappelle la Grande FRA"]
[Date "2002.02.17"]
[Round "9"]
[White "Baklan,V"]
[Black "Shaw,J"]
[Result "1-0"]
[WhiteElo "2609"]
[BlackElo "2506"]

1.e4 c5 2.Nf3 Nc6 3.Bb5 g6 4.Bxc6 dxc6 5.d3 Bg7 6.h3 b6 7.O-O e5 8.Be3 Ne7
9.Nbd2 O-O 10.a3 f5 11.Nc4 fxe4 12.dxe4 Bxh3 13.Bg5 Be6 14.Qxd8 Rfxd8 15.Ncxe5 Re8
16.Rad1 Nc8 17.Rfe1 h6 18.Bc1 Ne7 19.Rd6 Nc8 20.Rxc6 g5 21.Nd3 c4 22.Nde5 g4
23.Nd4 Bxe5 24.Nxe6 Nd6 25.Nc7 Rac8 26.Rxd6 Bxd6 27.Nxe8 Rxe8 28.Bxh6 c3
29.b4 a5 30.Kf1 axb4 31.axb4 Bxb4 32.f3 Ra8 33.Ke2 Kf7 34.Be3 Ba5 35.Rb1 Rb8
36.Rb5 Ke6 37.f4 Kd7 38.Rg5 b5 39.Kd3 Kc6 40.Bd4 Rd8 41.Rc5+  1-0

[Event "XVIII Open"]
[Site "Cappelle la Grande FRA"]
[Date "2002.02.17"]
[Round "9"]
[White "Rozentalis,E"]
[Black "Kotronias,V"]
[Result "1-0"]
[WhiteElo "2598"]
[BlackElo "2568"]

1.e4 c5 2.Nf3 Nc6 3.Bb5 e6 4.Bxc6 bxc6 5.O-O Ne7 6.d3 Ng6 7.Qe2 e5 8.c3 Ba6
9.a3 Bd6 10.b4 O-O 11.Be3 f5 12.Nbd2 f4 13.Bxc5 Bxc5 14.bxc5 Qa5 15.c4 Qxc5
16.Nb3 Qe7 17.Qd2 Rab8 18.Rfb1 d6 19.Qa5 Bc8 20.h3 c5 21.Nbd2 Be6 22.Rxb8 Rxb8
23.Rb1 Rxb1+ 24.Nxb1 h6 25.Qa6 Nh8 26.Nc3 Nf7 27.Qc6 Kh7 28.Nd5 Bxd5 29.cxd5 Qd8
30.Qb7 Ng5 31.Qxa7 c4 32.dxc4 Nxe4 33.Qf7 Nc5 34.h4 Kh8 35.h5 Nd3 36.a4 Nc5
37.a5 Qxa5 38.Qf8+ Kh7 39.Qxd6 e4 40.Nh4 Qa1+ 41.Kh2 Qa5 42.Kg1 e3  1-0

[Event "US Amateur Team East"]
[Site "Parsipanny USA"]
[Date "2002.02.17"]
[Round "4"]
[White "Ariel,D"]
[Black "Lewis,J"]
[Result "1/2-1/2"]
[WhiteElo "2367"]
[BlackElo "2227"]

1.e4 c5 2.Nf3 Nc6 3.Bb5 g6 4.O-O Bg7 5.Bxc6 dxc6 6.h3 Nf6 7.Nc3 O-O 8.d3 Be6
9.Qe2 Qc7 10.Ng5 Nh5 11.Nxe6 fxe6 12.Qg4 Bd4 13.Qxe6+ Kh8 14.Ne2 Ng3 15.Nxd4 Nxf1
16.Nf3 Ng3 17.fxg3 Rxf3 18.Bd2 Rd8 19.Bc3+ Rd4 20.Bxd4+ cxd4 21.e5 Rf5 22.Re1 Qa5
23.Re2 Qb4 24.g4 Rf8 25.Qb3 Qxb3 26.axb3 Kg7 27.Rf2 Rxf2 28.Kxf2 Kf7 29.Kf3 Ke6
30.Ke4 c5 31.g5 a5 32.g3 b6 33.g4 Kd7 34.c3 dxc3 35.bxc3 e6 36.c4 Kc6 37.Ke3 b5
38.Kd2 bxc4 39.dxc4  1/2-1/2